Belgique : petites villes en images - Statistiques

Statistiques générales
  • Ce quiz a été pris 27 fois
  • Le résultat moyen est 6 sur 16
Statistiques - réponses
Par images Réponse % Correct
Binche
55%
Huy
55%
La Panne
55%
Verviers
55%
Ypres
55%
Thuin
50%
Tongres
45%
Arlon
35%
Malines
35%
Furnes
30%
Gembloux
30%
Eupen
25%
Spa
25%
Alost
20%
Roulers
15%
Stavelot
15%
Aucun quiz correspondant
Distribution des résultats
% des personnes avec chaque résultat
Percentile par nombre de réponses
Votre historique - résultats
Vous n’avez pas pris ce quiz